Grootste woestijnen - Statistieken

Algemene statistieken
  • Deze quiz is 107 keer genomen
  • De gemiddelde score is 3 van 10
Antwoorden op de kaart
Antwoorden kleurgecodeerd door een groen-rode schaal op de quizkaart volgens % correct hieronder.
 
Antwoordstatistieken
km² Woestijn % Correct
9,000,000 Sahara
100%
1,295,000 Gobi
55%
14,000,000 Antarctica
49%
900,000 Kalahari
34%
2,330,000 Arabische
28%
348,750 Victoria
9%
450,000 Chihuahua
0%
492,000 Grote Bekken
0%
620,000 Patagonische
0%
520,000 Syrische
0%
Geen overeenkomende quizzen gevonden
Scoreverdeling
Procent van Mensen met Elke Score
Percentiel versus Aantal Correcte Antwoorden
Uw Scoregeschiedenis
U heeft deze quiz nog niet genomen